00331nam a2200121Ia 4500008004100000041000800041082001500049100004000064245004900104250000600153260003800159300001200197210716s1964 xx 000 0 und d aeng a338.9 MEIG aMeier, Gerald M; Baldwin, Robert E. aEconomic development: theory history policy. a1 aLondonbJohn Wiley and Sonsc1964 axix,588